000
00334nam a2200145Ia 4500
100
_a
Grant/Hiram E
650
_a
Jigs and fixtures
942
_c
BK
366
_f
17.5
654
_a
jigs
245
_a
Jigs and fixtures:Non standard clamping devices
260
_b
Tata Mc Graw hill Ltd.
_c
1967
082
_b
GRA
546
_a
ENGLISH
999
_c
32456
_d
32456